000
00456nam a2200145Ia 4500
008
100204s9999 xx 000 0 und d
082
_b
8431
100
_a
बोरकर बालकृष्ण भगवंत
245
_a
भाविण
260
_b
"बांदोडकर पब्लिशिंग हाऊस, गोवा"
_c
1986 2
300
_a
208
630
_a
भाविण
730
_a
भाविण
942
_c
BOOK
999
_c
452867
_d
452864